| 000 | 00686nam a2200229 i 4500 | ||
|---|---|---|---|
| 001 | bg | ||
| 100 | 1 | _aLorencowicz, Edmund. | |
| 245 | 1 | 0 |
_aPoradnik użytkownika techniki rolniczej w tabelach / _cEdmund Lorencowicz. |
| 260 |
_aBydgoszcz ; _a[Osielsko : _bAgencja Promocji Rolnictwa i Agrobiznesu APRA, _c2007. |
||
| 300 |
_a136 s. (gł. tab.) : _brys., wykr. ; _c21 cm. |
||
| 504 | _aIndeks. | ||
| 650 | 9 | _aAgrotechnika | |
| 650 | 9 |
_aRolnictwo _xnarzędzia i maszyny |
|
| 655 | _aPoradniki | ||
| 020 | _a8391453278 | ||
| 040 | _cBPK | ||
| 041 | 0 | _apol | |
| 080 | _a631.3:631.6](083.1) | ||
| 920 | _a83-914532-7-8 | ||
| 942 | _cKA | ||
| 008 | s pl f |000 0 pol | ||
| 999 |
_c35205 _d35205 |
||
| 856 |
_uhttp://koha.tu.koszalin.pl/cgi-bin/koha/opac-detail.pl?biblionumber=35205 _yKatalog online BPK |
||